000 00436nam a2200181Ia 4500
003 GCL
008 140319s9999 xx 000 0 ara d
040 _aGCL /
_cGCL
082 0 4 _a240
_bم ر
100 1 _aمحمد عبده
245 1 0 _aرسالة التوحيد /
_cمحمد عبده
300 _a187 ص
490 _a
650 0 4 _aالاسلام
650 0 4 _aالعبادات
650 0 4 _aالتوحيد
942 _2ddc
_cBK
999 _c44948
_d44948